ORAL & MAXILLOFACIAL SURGERY V-1 (Record no. 4513)

MARC details
000 -LEADER
fixed length control field 00352nam a2200145Ia 4500
008 - FIXED-LENGTH DATA ELEMENTS--GENERAL INFORMATION
fixed length control field 150201s2009 xx 000 0 und d
082 ## - DEWEY DECIMAL CLASSIFICATION NUMBER
Classification number 617.525
Item number O2009L
100 ## - MAIN ENTRY--PERSONAL NAME
Personal name LASKIN, DANIAL
245 ## - TITLE STATEMENT
Title ORAL & MAXILLOFACIAL SURGERY V-1
250 ## - EDITION STATEMENT
Edition statement 1ST
260 ## - PUBLICATION, DISTRIBUTION, ETC. (IMPRINT)
Name of publisher, distributor, etc. AITBS
Place of publication, distribution, etc. DELHI
Date of publication, distribution, etc. 2009
300 ## - PHYSICAL DESCRIPTION
Extent 1-736
650 ## - SUBJECT ADDED ENTRY--TOPICAL TERM
Topical term or geographic name as entry element ORAL SURGERY
942 ## - ADDED ENTRY ELEMENTS (KOHA)
Source of classification or shelving scheme Dewey Decimal Classification
Koha item type Books
Koha issues (borrowed), all copies 13
Holdings
Withdrawn status Lost status Source of classification or shelving scheme Damaged status Not for loan Home library Current library Date acquired Source of acquisition Cost, normal purchase price Serial Enumeration / chronology SGTU Bill Number Total Checkouts Full call number Barcode Date last seen Date last checked out Bill Date Koha item type
    Dewey Decimal Classification     SGT Dental Library SGT Dental Library 20/10/2010 U.B.S.DELHI 625.00 1 SGTU 620 4 617.525 O2009L FD6161 24/03/2022 24/03/2022 30/03/2013 Books
    Dewey Decimal Classification     SGT Dental Library SGT Dental Library 20/10/2010 U.B.S.DELHI 625.00 1 SGTU 620 8 617.525 O2009L FD6162 12/07/2025 12/07/2025 30/03/2013 Books
    Dewey Decimal Classification     SGT Dental Library SGT Dental Library 20/10/2010 U.B.S.DELHI 625.00 1 SGTU 620 1 617.525 O2009L FD6163 13/09/2025 13/09/2025 30/03/2013 Books
    Dewey Decimal Classification     SGT Dental Library SGT Dental Library 20/10/2010 U.B.S.DELHI 625.00 1 SGTU 620 5 617.525 O2009L FD6164 07/02/2022 29/12/2021 30/03/2013 Books
    Dewey Decimal Classification     SGT Dental Library SGT Dental Library 20/10/2010 U.B.S.DELHI 625.00 1 SGTU 620 7 617.525 O2009L FD6165 21/10/2023 21/10/2023 30/03/2013 Books